000 02495nam a22002297a 4500
999 _c546
_d546
005 20190821103726.0
008 190821b ||||| |||| 00| 0 eng d
020 _a9780399575082
040 _cKH8
082 _aFIC MAR
100 _aMarais, Bianca
245 _aHum if you don't know the words :
_ba novel /
_cBianca Marais
260 _aNew York :
_bG.P. Putnam's Sons,
_c2018.
300 _a426 p. ;
_c21 cm.
500 _aInclude discussion guide Include Glossary
520 _a"Perfect for readers of The Secret Life of Bees and The Help, a perceptive and searing look at Apartheid-era South Africa, told through one unique family brought together by tragedy. Life under Apartheid has created a secure future for Robin Conrad, a ten-year-old white girl living with her parents in 1970s Johannesburg. In the same nation but worlds apart, Beauty Mbali, a Xhosa woman in a rural village in the Bantu homeland of the Transkei, struggles to raise her children alone after her husband's death. Both lives have been built upon the division of race, and their meeting should never have occurred. Until the Soweto Uprising, in which a protest by black students ignites racial conflict, alters the fault lines on which their society is built, and shatters their worlds when Robin's parents are left dead and Beauty's daughter goes missing. After Robin is sent to live with her loving but irresponsible aunt, Beauty is hired to care for Robin while continuing the search for her daughter. In Beauty, Robin finds the security and family that she craves, and the two forge an inextricable bond through their deep personal losses. But Robin knows that if Beauty finds her daughter, Robin could lose her new caretaker forever, so she makes a desperate decision with devastating consequences. Her quest to make amends and find redemption is a journey of self-discovery in which she learns the harsh truths of the society that once promised her protection. Told through Beauty and Robin's alternating perspectives, the interwoven narratives create a rich and complex tapestry of the emotions and tensions at the heart of Apartheid-era South Africa. Hum if You Don't Know the Words is a beautifully rendered look at loss, racism, and the creation of family"
650 _aApartheid
_yFiction.
_zSouth Africa
650 _aFamilies
_yFiction
_zSouth Africa
650 _aSouth Africa
_vHistory
_x1961-1994
_yFiction.
650 _aSouth Africa
_vHistory
_xSoweto Uprising, 1976
_yFiction.
942 _2ddc
_cFIC